| 000 | 01225cam a2200337 a 4500 | ||
|---|---|---|---|
| 999 |
_c726 _d726 |
||
| 001 | 15139364 | ||
| 003 | OSt | ||
| 005 | 20210616124134.0 | ||
| 008 | 080111s2009 njua b 001 0 eng | ||
| 010 | _a 2008001592 | ||
| 020 | _a9780136029083 (alk. paper) | ||
| 020 | _a0136029086 (alk. paper) | ||
| 035 | _a(OCoLC)ocn190860157 | ||
| 035 | _a(OCoLC)190860157 | ||
| 040 |
_aDLC _cDLC _dYDX _dBAKER _dYDXCP _dTSU _dCDX _dDLC |
||
| 050 | 0 | 0 |
_aHF5719 _b.M375 2009 |
| 082 | 0 | 0 |
_a808/.066657 _222 |
| 100 | 1 | _aMay, Claire Arevalo. | |
| 245 | 1 | 0 |
_aEffective writing : _ba handbook for accountants / _cClaire B. May, Gordon S. May. |
| 250 | _a8th ed. | ||
| 260 |
_aUpper Saddle River, N.J. : _bPearson Prentice Hall, _cc2009. |
||
| 300 |
_axii, 276 p. : _bill. ; _c23 cm. |
||
| 504 | _aIncludes bibliographical references and index. | ||
| 650 | 0 | _aBusiness report writing. | |
| 650 | 0 | _aCommunication in accounting. | |
| 700 | 1 | _aMay, Gordon S. | |
| 856 | 4 | 1 |
_3Table of contents only _uhttp://www.loc.gov/catdir/toc/ecip088/2008001592.html |
| 906 |
_a7 _bcbc _corignew _d1 _eecip _f20 _gy-gencatlg |
||
| 942 |
_2lcc _cBK _nSO |
||